000 00338nam a2200133Ia 4500
008 220216s9999 xx 000 0 und d
100 _aScott J R
245 0 _aRationalisation of the hardness testing of rubber
260 _bIRI Transactions
_c1935
300 _a224-240
650 _aHardness testing
650 _aRubber
942 _cJS
999 _c66344
_d66344